000 04355cam a2200481 4500500
005 20260111112351.0
041 _afre
042 _adc
100 1 0 _aBossuroy, Muriel
_eauthor
700 1 0 _aTouhami, Fatima
_eauthor
700 1 0 _aSimon, Amalini
_eauthor
700 1 0 _aRakotomalala, Laura
_eauthor
700 1 0 _aCamara, Hawa
_eauthor
700 1 0 _aBensekhar-Bennabi, Malika
_eauthor
245 0 0 _aApport de l’évaluation des compétences langagières dans le travail des psychologues auprès d’enfants de migrants
260 _c2018.
500 _a54
520 _aL’évaluation des compétences langagières apporte des informations précieuses aux psychologues lorsqu’ils rencontrent des enfants qui grandissent au contact de plusieurs langues et de plusieurs cultures. Les enjeux psychiques autour du fait de parler telle ou telle langue peuvent être importants et savoir dans quelle mesure un enfant peut comprendre, produire voire faire des récits dans la ou les langues de ses parents donne une idée des processus de transmission à l’œuvre dans la famille et de l’inscription fantasmatique de l’enfant dans une filiation ou une affiliation avec les locuteurs de la langue en question. Sa capacité à passer d’une langue à l’autre est aussi un indicateur d’une possibilité plus globale à passer d’un monde à l’autre de manière fluide, par exemple de la culture de la maison à celle de l’école. Une passation de test plurilingue permet aussi de recevoir symboliquement l’enfant avec l’ensemble de ses appartenances culturelles. Cette procédure est appliquée à une situation concrète.
520 _aAssessing language skills provides precious information for psychologists when they meet children growing up in contact with several languages and different cultures. The psychological issues around speaking one language or another can be important and knowing to what extent achild may understand, tell stories in the language or the languages of his/her parents provides an idea of the transmission process in place within the family. This is in addition to the child involving a level of fantasy in the relation and the affiliation with the speakers of the language in question. The child’s capacity to switch from one language to another indicates the greater possibility of switching from one world to the other smoothly, for example the culture at home and at school. Taking the plurilingual test also allows the child to be symbolically represented with his/her cultural identities.
520 _aLa evaluación de las habilidades lingüísticas proporciona información valiosa a los psicólogos que ven niños criados en contacto con diferentes idiomas y culturas. Los aspectos psíquicos relacionados con el hecho de hablar uno u otro idioma pueden ser importantes. Saber hasta qué punto un niño puede comprender, producir o incluso contar historias en el idioma o los idiomas de sus padres, da una idea de los procesos de transmisión que operan en la familia y de la inscripción fantasmática del niño en una filiación o afiliación con los hablantes del idioma en cuestión. Su capacidad de cambiar de un idioma a otro también es un indicador de una posibilidad más global de pasar de un mundo a otro de una manera fluida, por ejemplo, de la cultura del domicilio a la cultura escolar. Una prueba plurilingüe también permite recibir simbólicamente al niño con todas sus filiaciones culturales. Este procedimiento se aplica a una situación concreta.
690 _aELAL d’Avicenne
690 _aenfant de migrant
690 _aethnopsychiatrie
690 _aévaluation
690 _alangue maternelle
690 _amultilinguisme
690 _apsychologie
690 _arelation parent enfant
690 _atest
690 _atransmission psychique
690 _aassessment
690 _aAvicenne’s ELAL
690 _aethno-psychiatry
690 _amigrant’s child
690 _amother tongue
690 _amultilinguism
690 _aparent child relationship
690 _apsychological transmission
690 _apsychology
690 _atest
786 0 _nL'autre | Volume 19 | 1 | 2018-05-29 | p. 32-37 | 1626-5378
856 4 1 _uhttps://shs.cairn.info/revue-l-autre-2018-1-page-32?lang=fr&redirect-ssocas=7080
999 _c1632146
_d1632145